000 00595nam a2200217Ia 4500
005 20250508164522.0
008 008 250505s9999 xx 000 0 hin d
037 _aTextual
040 _aFEDL
_beng
_cFEDL
041 _ahin
_2eng
084 _a370, DEV
_qFEDL
100 _aDevi Prasad Ed.
245 0 _aNayee taleem ka sandesh: Nayee taleem ki swaran jayanti
260 _aNew Delhi, India
_bGandhi Shanti Pratishthan
_c1988
300 _a128p.
365 _aINR
_b25
546 _aMACESE
650 _aEducation
942 _cTEXL
_h370, DEV
999 _c1389545
_d1389545